|
|
|
|
| LEADER |
01453nam a2200385Ia 4500 |
| 001 |
EBC3338698 |
| 003 |
MiAaPQ |
| 005 |
20200520144314.0 |
| 006 |
m o d | |
| 007 |
cr cn||||||||| |
| 008 |
070807s2007 maua sb 000 0 eng d |
| 020 |
|
|
|z 0262162466
|
| 020 |
|
|
|z 9780262162463
|
| 020 |
|
|
|z 0262662027
|
| 020 |
|
|
|z 9780262662024
|
| 035 |
|
|
|a (MiAaPQ)EBC3338698
|
| 035 |
|
|
|a (Au-PeEL)EBL3338698
|
| 035 |
|
|
|a (CaPaEBR)ebr10190443
|
| 035 |
|
|
|a (OCoLC)842971821
|
| 040 |
|
|
|a MiAaPQ
|c MiAaPQ
|d MiAaPQ
|
| 050 |
|
4 |
|a HJ2381
|b .T382 2007
|
| 245 |
0 |
0 |
|a Tax policy and the economy 21
|h [electronic resource] /
|c edited byJames M. Poterba.
|
| 260 |
|
|
|a Cambridge, Mass. ;
|a London :
|b MIT Press,
|c 2007.
|
| 300 |
|
|
|a xvi, 184 p. :
|b ill.
|
| 504 |
|
|
|a Includes bibliographical references.
|
| 533 |
|
|
|a Electronic reproduction. Ann Arbor, MI : ProQuest, 2015. Available via World Wide Web. Access may be limited to ProQuest affiliated libraries.
|
| 650 |
|
0 |
|a Fiscal policy
|z United States.
|
| 650 |
|
0 |
|a Taxation
|z United States.
|
| 650 |
|
0 |
|a Taxation
|x Law and legislation
|x Economic aspects
|z United States
|v Periodicals.
|
| 655 |
|
4 |
|a Electronic books.
|
| 700 |
1 |
|
|a Poterba, James M.
|
| 710 |
2 |
|
|a National Bureau of Economic Research.
|
| 710 |
2 |
|
|a ProQuest (Firm)
|
| 740 |
0 |
2 |
|a NBER tax policy and the economy annual vol. 21.
|
| 856 |
4 |
0 |
|u https://ebookcentral.proquest.com/lib/matrademy/detail.action?docID=3338698
|z Click to View
|